The spirit of Indian painting : (Record no. 23482)
[ view plain ]
| 000 -LEADER | |
|---|---|
| fixed length control field | 00405cam a2200157 i 4500 |
| 020 ## - INTERNATIONAL STANDARD BOOK NUMBER | |
| ISBN | 9780670086573 |
| 020 ## - INTERNATIONAL STANDARD BOOK NUMBER | |
| ISBN | 0670086576 |
| 082 04 - DEWEY DECIMAL CLASSIFICATION NUMBER | |
| Classification number | 759.954 |
| Author Cutter | GOS |
| 100 1# - MAIN ENTRY--AUTHOR NAME | |
| Author name | Goswamy, B. N., |
| 245 14 - TITLE STATEMENT | |
| Title | The spirit of Indian painting : |
| 260 ## - PUBLICATION, DISTRIBUTION, ETC. (IMPRINT) | |
| Place of publication | Gurgaon |
| Name of publisher | Penguin Books Pvt Ltd |
| Year of publication | 2014 |
| 300 ## - PHYSICAL DESCRIPTION | |
| Number of Pages | xii, 570 pages : |
| Other physical details | illustrations (colour) ; |
| 650 #0 - SUBJECT ADDED ENTRY--TOPICAL TERM | |
| Topical Term | Painting, Indic. |
| 942 ## - ADDED ENTRY ELEMENTS (KOHA) | |
| Koha item type | Books |
| Home library | Current library | Shelving location | Date acquired | Source of acquisition | Full call number | Accession Number | Koha item type |
|---|---|---|---|---|---|---|---|
| Henry Martyn Institute Library | Henry Martyn Institute Library | General stacks | 06/25/2024 | Director | 759.954 GOS | 11-4836 | Books |
